FC 24 Euro and Copa América Academy - Statistics

General Stats
  • This quiz has been taken 19 times
    12 since last reset
  • The average score is 11 of 21
Answer Stats
rat pso cluv Answerdiohfugie % Correct
Copa América Academy 87 CDM Manchester United Casemiro
80%
Euro Academy 87 CB Manchester United Harry Maguire
80%
Euro Academy 87 ST Lazio Ciro Immobile
70%
Euro Academy 87 RW Crystal Palace Michael Olise
70%
Copa América Academy 87 ST Tottenham Hotspur Richarlison
70%
Euro Academy 87 CB OGC Nice Jean-Clair Todibo
60%
Copa América Academy 87 CB Villarreal Juan Foyth
60%
Euro Academy 87 CAM Lyon Rayan Cherki
60%
Euro Academy 87 CM VfB Stuttgart Angelo Stiller
50%
Copa América Academy 87 RW PSV Eindhoven Hirving Lozano
50%
Copa América Academy 87 RB Inter Milan Juan Cuadrado
50%
Copa América Academy 87 ST Galatasaray Mauro Icardi
50%
Euro Academy 87 LW Chelsea Raheem Sterling
50%
Copa América Academy 87 CAM Juventus Carlos Alcaraz
40%
Copa América Academy 87 CAM Brighton Facundo Buonanotte
40%
Euro Academy 87 CAM Tottenham Hotspur James Maddison
40%
Euro Academy 87 ST Borussia Dortmund Karim Adeyemi
40%
Euro Academy 87 CB Borussia Dortmund Niklas Süle
30%
Euro Academy 87 CM Portugal João Mário
20%
Euro Academy 87 CB Paris Saint-Germain Lucas Hernández
20%
Copa América Academy 87 RB PSV Eindhoven Sergiño Dest
20%
No matching quizzes found
Score Distribution
Percent of People with Each Score
Percentile by Number Answered
Your Score History
You have not taken this quiz since the last reset